General quiz - Statistics

General Stats
  • This quiz has been taken 13 times
  • The average score is 2 of 6
Answer Stats
Question Answer % Correct
How many major airports does London have? 6
77%
THE OFFICE is a room featured in what Television Show? The office
62%
"It's close to midnight, and something evils lurking in the dark"
What song is that line from?
Thriller
54%
Pizza is pronounced like? Pitzza
23%
WHO is a famous drummer WHO died in 1978 Keith Moon
15%
The minimum wage of a prime Minister is what per year? $549,250
0%
No matching quizzes found
Score Distribution
Percent of People with Each Score
Percentile by Number Answered
Your Score History
You have not taken this quiz